[Event "SVK Extraliga 2019-20"]
[Site "Slovakia"]
[Date "2019.10.20"]
[Round "2.4"]
[White "Likavsky, Tomas"]
[Black "Mrva, Martin"]
[Result "0-1"]
[WhiteElo "2423"]
[BlackElo "2401"]
[Annotator "ChessBase"]
[PlyCount "106"]
[EventDate "2019.10.19"]
[EventType "team-tourn"]
[EventCountry "SVK"]
[SourceTitle "playchess.com"]
[Source "ChessBase"]
[SourceQuality "1"]
[WhiteTeam "Podhajska"]
[BlackTeam "Snina"]
[TimeControl "40/5400+30:1800+30"]

1. d4 {[%emt 0:00:00]} a6 {[%emt 0:00:53]} 2. e4 {[%emt 0:04:19]} d6 {[%emt 0:01:53]} 3. c4 {[%emt 0:03:03]} e5 {[%emt 0:00:46]} 4. Nf3 {[%emt 0:03:04]} Nc6 {[%emt 0:02:19]} 5. Be2 {[%emt 0:07:37]} Be7 {[%emt 0:03:42]} 6. Nc3 {[%emt 0:13:21]} exd4 {[%emt 0:01:51]} 7. Nxd4 {[%emt 0:00:06]} Nxd4 {[%emt 0:00:09]} 8. Qxd4 {[%emt 0:00:12]} Bf6 {[%emt 0:00:05]} 9. Qd3 {[%emt 0:03:46]} Ne7 {[%emt 0:00:10]} 10. O-O {[%emt 0:01:45]} O-O {[%emt 0:00:48]} 11. Be3 {[%emt 0:05:17]} Nc6 {[%emt 0:04:33]} 12. Rad1 {[%emt 0:03:58]} Re8 {[%emt 0:20:48]} 13. Qc2 {[%emt 0:09:05]} Bxc3 14. Qxc3 {[%emt 0:02:04]} Qe7 {[%emt 0:08:01]} 15. Bd3 {[%emt 0:03:13]} Ne5 {[%emt 0:03:51]} 16. Bb1 {[%emt 0:00:45]} b6 {[%emt 0:10:36]} 17. f3 {[%emt 0:02:05]} Ng6 {[%emt 0:05:47]} 18. Rf2 {[%emt 0:05:15]} Bb7 {[%emt 0:04:43]} 19. Rfd2 {[%emt 0:02:18]} Bc6 {[%emt 0:03:29]} 20. Kh1 {[%emt 0:01:47]} a5 {[%emt 0:00:47]} 21. Bd4 {[%emt 0:01:02]} f6 {[%emt 0:00:51]} 22. b3 {[%emt 0:00:10]} Nf4 {[%emt 0:03:22]} 23. Qe3 {[%emt 0:02:48]} Ne6 {[%emt 0:01:29]} 24. Bc3 {[%emt 0:00:03]} Qf7 {[%emt 0:00:58]} 25. Qf2 {[%emt 0:01:17]} Nf8 {[%emt 0:00:32]} 26. Bd3 {[%emt 0:03:22]} Kh8 {[%emt 0:01:53]} 27. g4 {[%emt 0:00:27]} Ng6 {[%emt 0:00:46]} 28. Qg3 {[%emt 0:04:11]} Ne5 {[%emt 0:00:49]} 29. Bb1 {[%emt 0:01:07]} a4 {[%emt 0:00:38]} 30. Rg1 {[%emt 0:02:27]} axb3 31. axb3 {[%emt 0:00:01]} Ra3 {[%emt 0:01:31]} 32. Bxe5 Rxe5 {[%emt 0:04:55]} 33. Bc2 {[%emt 0:10:14]} Ra2 {[%emt 0:00:20]} 34. Qf4 {[%emt 0:01:05]} h6 {[%emt 0:02:38]} 35. Rc1 {[%emt 0:00:58]} Rc5 {[%emt 0:02:29]} 36. Bd1 {[%emt 0:00:15]} Ra3 {[%emt 0:03:08]} 37. Rb2 {[%emt 0:00:21]} Qe8 {[%emt 0:01:37]} 38. Qd2 {[%emt 0:02:20]} Re5 {[%emt 0:00:20]} 39. Kg1 {[%emt 0:01:13]} Rg5 {[%emt 0:00:41]} 40. Ra2 {[%emt 0:00:39]} Rxa2 41. Qxa2 {[%emt 0:30:02]} f5 {[%emt 0:34:21]} 42. h3 {[%emt 0:00:00]} fxe4 {[%emt 0:00:00]} 43. f4 {[%emt 0:00:00]} Ra5 {[%emt 0:00:00]} 44. Qg2 {[%emt 0:00:00]} Qa8 {[%emt 0:00:00]} 45. Qd2 {[%emt 0:00:00]} Ra2 {[%emt 0:00:00]} 46. Bc2 {[%emt 0:00:00]} Qa3 {[%emt 0:00:00]} 47. Qe3 {[%emt 0:00:00]} Qb2 {[%emt 0:00:00]} 48. Kf2 {[%emt 0:00:00]} Bb7 {[%emt 0:00:00]} 49. Kg3 {[%emt 0:00:00]} b5 {[%emt 0:00:00]} 50. Kh4 {[%emt 0:00:00]} Qf6+ {[%emt 0:00:00]} 51. Kg3 {[%emt 0:00:00]} bxc4 {[%emt 0:00:00]} 52. bxc4 {[%emt 0:00:00]} g5 {[%emt 0:00:00]} 53. Bb3 {[%emt 0:02:35]} gxf4+ {[%emt 0:00:00]} 0-1

[Event "SVK Extraliga 2019-20"]
[Site "Slovakia"]
[Date "2019.10.20"]
[Round "2.4"]
[White "Smolen, Jan"]
[Black "Szustakowski, Antoni"]
[Result "1-0"]
[WhiteElo "2419"]
[BlackElo "2300"]
[Annotator "ChessBase"]
[PlyCount "111"]
[EventDate "2019.10.19"]
[EventType "team-tourn"]
[EventCountry "SVK"]
[SourceTitle "playchess.com"]
[Source "ChessBase"]
[SourceQuality "1"]
[TimeControl "40/5400+30:1800+30"]

1. Nf3 {[%emt 0:00:00]} d5 {[%emt 0:00:00]} 2. g3 {[%emt 0:00:00]} c6 {[%emt 0:00:00]} 3. Bg2 {[%emt 0:00:00]} Bg4 {[%emt 0:00:03]} 4. O-O {[%emt 0:00:00]} e6 {[%emt 0:00:06]} 5. d3 {[%emt 0:00:14]} Nd7 {[%emt 0:00:28]} 6. Nbd2 {[%emt 0:00:55]} Bd6 {[%emt 0:00:08]} 7. h3 {[%emt 0:01:27]} Bh5 {[%emt 0:01:03]} 8. e4 {[%emt 0:00:24]} Ne7 {[%emt 0:00:26]} 9. Qe1 {[%emt 0:03:36]} O-O {[%emt 0:02:00]} 10. g4 {[%emt 0:06:59]} Bg6 {[%emt 0:00:06]} 11. Nh4 {[%emt 0:00:17]} h6 {[%emt 0:03:41]} 12. f4 {[%emt 0:01:43]} Bh7 {[%emt 0:00:21]} 13. Ndf3 {[%emt 0:06:48]} dxe4 {[%emt 0:07:15]} 14. dxe4 {[%emt 0:00:10]} Nf6 {[%emt 0:00:40]} 15. Nd2 {[%emt 0:25:40]} Bc5+ {[%emt 0:23:04]} 16. Kh1 {[%emt 0:00:26]} Ng6 {[%emt 0:00:15]} 17. Nxg6 {[%emt 0:02:33]} Bxg6 {[%emt 0:00:09]} 18. a4 {[%emt 0:04:39]} Re8 {[%emt 0:12:33]} 19. Nb3 {[%emt 0:01:45]} Bf8 {[%emt 0:02:10]} 20. Bd2 {[%emt 0:00:14]} Nd7 {[%emt 0:01:53]} 21. Bc3 {[%emt 0:02:48]} Qc7 {[%emt 0:04:40]} 22. Qf2 {[%emt 0:02:09]} Bh7 {[%emt 0:06:14]} 23. Rae1 {[%emt 0:02:02]} b6 {[%emt 0:05:46]} 24. Nd2 {[%emt 0:01:50]} Rad8 {[%emt 0:04:45]} 25. Nc4 {[%emt 0:02:20]} Bc5 {[%emt 0:01:04]} 26. Qg3 {[%emt 0:00:52]} b5 {[%emt 0:01:04]} 27. Ba5 {[%emt 0:02:46]} Nb6 {[%emt 0:02:35]} 28. Ne5 {[%emt 0:01:05]} f6 {[%emt 0:05:19]} 29. Nd3 {[%emt 0:02:03]} Be7 {[%emt 0:00:04]} 30. e5 {[%emt 0:02:37]} Bxd3 {[%emt 0:05:01]} 31. cxd3 {[%emt 0:00:08]} fxe5 {[%emt 0:00:01]} 32. Rxe5 {[%emt 0:00:32]} Qd6 {[%emt 0:01:59]} 33. axb5 {[%emt 0:01:09]} cxb5 {[%emt 0:00:27]} 34. Rxb5 {[%emt 0:01:44]} Qxd3 {[%emt 0:01:09]} 35. Qxd3 {[%emt 0:00:09]} Rxd3 {[%emt 0:00:03]} 36. Bxb6 {[%emt 0:03:52]} Rb8 {[%emt 0:01:45]} 37. Bc5 {[%emt 0:08:07]} Rxb5 {[%emt 0:00:01]} 38. Bxe7 {[%emt 0:00:05]} Rxb2 {[%emt 0:00:04]} 39. g5 {[%emt 0:05:30]} Rdd2 {[%emt 0:04:37]} 40. Rg1 {[%emt 0:02:11]} Kf7 {[%emt 0:00:31]} 41. Ba3 {[%emt 0:30:29]} Ra2 {[%emt 0:31:32]} 42. Bb4 {[%emt 0:00:43]} Rdc2 {[%emt 0:02:30]} 43. g6+ {[%emt 0:00:35]} Kf6 {[%emt 0:02:34]} 44. Bd6 {[%emt 0:00:23]} Rxg2 {[%emt 0:00:00]} 45. Rxg2 {[%emt 0:00:00]} Rxg2 {[%emt 0:00:00]} 46. Kxg2 {[%emt 0:00:00]} Kxg6 {[%emt 0:00:00]} 47. Kf3 {[%emt 0:00:00]} Kf5 {[%emt 0:00:00]} 48. Bf8 {[%emt 0:00:00]} Kf6 {[%emt 0:00:00]} 49. h4 {[%emt 0:00:00]} g5 {[%emt 0:00:00]} 50. h5 {[%emt 0:00:00]} e5 {[%emt 0:00:00]} 51. fxe5+ {[%emt 0:00:00]} Kxe5 {[%emt 0:00:00]} 52. Kg4 {[%emt 0:00:00]} Kf6 {[%emt 0:00:00]} 53. Bxh6 {[%emt 0:00:00]} a5 {[%emt 0:00:00]} 54. Bxg5+ {[%emt 0:00:00]} Kg7 {[%emt 0:00:00]} 55. Bc1 {[%emt 0:00:00]} a4 {[%emt 0:00:00]} 56. Kg5 {[%emt 0:00:00]} 1-0

[Event "SVK Extraliga 2019-20"]
[Site "Slovakia"]
[Date "2019.10.20"]
[Round "2.4"]
[White "Motuz, Karol"]
[Black "Lintner, Igor"]
[Result "1-0"]
[WhiteElo "2359"]
[BlackElo "2187"]
[Annotator "NA"]
[PlyCount "83"]
[EventDate "2019.10.19"]
[EventType "team-tourn"]
[EventCountry "SVK"]
[SourceTitle "playchess.com"]
[Source "ChessBase"]
[SourceQuality "1"]
[WhiteTeam "Dubnica"]
[BlackTeam "Osuske"]
[TimeControl "40/5400+30:1800+30"]

1. d4 {[%emt 0:00:00]} e6 {[%emt 0:00:00]} 2. c4 {[%emt 0:00:28]} Bb4+ {[%emt 0:00:00]} 3. Bd2 {[%emt 0:00:39]} a5 {[%emt 0:00:00]} 4. a3 {[%emt 0:01:24]} Be7 {[%emt 0:01:48]} 5. Nc3 {[%emt 0:04:42]} d5 {[%emt 0:00:59]} 6. Nf3 {[%emt 0:00:46]} Nf6 {[%emt 0:00:09]} 7. Bg5 {[%emt 0:01:47]} Nbd7 {[%emt 0:01:16]} 8. e3 {[%emt 0:00:36]} O-O {[%emt 0:01:59]} 9. Bd3 {[%emt 0:07:21]} c6 {[%emt 0:01:00]} 10. O-O {[%emt 0:01:51]} Re8 {[%emt 0:03:28]} 11. Qc2 {[%emt 0:09:33]} Nf8 {[%emt 0:12:11]} 12. Ne5 {[%emt 0:06:23]} N6d7 {[%emt 0:03:27]} 13. Bxe7 {[%emt 0:05:39]} Qxe7 {[%emt 0:00:21]} 14. f4 {[%emt 0:02:06]} f6 $16 {[%emt 0:13:27]} 15. Nf3 {[%emt 0:03:29]} dxc4 {[%emt 0:13:09]} 16. Bxc4 {[%emt 0:01:04]} b5 {[%emt 0:00:03]} 17. Bb3 {[%emt 0:07:17]} Kh8 {[%emt 0:04:17]} 18. Ne4 {[%emt 0:08:39]} Bb7 {[%emt 0:04:45]} 19. Rac1 {[%emt 0:06:37]} Rad8 {[%emt 0:03:00]} 20. Qc3 {[%emt 0:04:56]} a4 {[%emt 0:04:39]} 21. Ba2 {[%emt 0:00:55]} Nb6 {[%emt 0:02:20]} 22. Nc5 {[%emt 0:01:46]} Bc8 {[%emt 0:01:05]} 23. e4 {[%emt 0:04:26]} Ng6 {[%emt 0:14:39]} 24. Qe3 e5 25. dxe5 {[%emt 0:04:54]} fxe5 {[%emt 0:01:38]} 26. f5 {[%emt 0:01:28]} Nh4 {[%emt 0:02:18]} 27. Ng5 {[%emt 0:02:22]} Nc4 {[%emt 0:01:26]} 28. Bxc4 {[%emt 0:02:11]} bxc4 {[%emt 0:00:02]} 29. g3 {[%emt 0:01:47]} Rd4 {[%emt 0:02:35]} 30. Nge6 {[%emt 0:05:31]} Bxe6 {[%emt 0:00:10]} 31. Nxe6 {[%emt 0:00:17]} Rd3 {[%emt 0:01:54]} 32. Qe2 {[%emt 0:00:42]} Qa7+ {[%emt 0:02:29]} 33. Kh1 {[%emt 0:00:59]} Nxf5 {[%emt 0:04:57]} 34. exf5 {[%emt 0:00:59]} Qa5 {[%emt 0:00:28]} 35. Rxc4 {[%emt 0:02:33]} Rd2 {[%emt 0:00:02]} 36. Qe4 {[%emt 0:00:17]} Rxb2 {[%emt 0:00:25]} 37. Qxc6 {[%emt 0:00:26]} Rg8 {[%emt 0:00:11]} 38. Rc2 {[%emt 0:00:30]} Rb6 {[%emt 0:00:29]} 39. Qe4 {[%emt 0:00:30]} Rb3 {[%emt 0:00:52]} 40. Rc5 {[%emt 0:00:34]} Qd2 {[%emt 0:00:35]} 41. Rc2 {[%emt 0:02:44]} Qa5 {[%emt 0:03:37]} 42. Ng5 {[%emt 0:02:24]} 1-0

[Event "SVK Extraliga 2019-20"]
[Site "Slovakia"]
[Date "2019.10.20"]
[Round "2.5"]
[White "Pacher, Milan"]
[Black "Maslik, Miroslav"]
[Result "1-0"]
[WhiteElo "2437"]
[BlackElo "2363"]
[Annotator "ChessBase"]
[PlyCount "59"]
[EventDate "2019.10.19"]
[EventType "team-tourn"]
[EventCountry "SVK"]
[SourceTitle "playchess.com"]
[Source "ChessBase"]
[SourceQuality "1"]
[WhiteTeam "Slovakia"]
[BlackTeam "Slovakia"]
[WhiteTeamCountry "SVK"]
[BlackTeamCountry "SVK"]
[TimeControl "40/5400+30:1800+30"]

1. e4 {[%emt 0:00:00]} e6 {[%emt 0:00:00]} 2. d4 {[%emt 0:00:00]} d5 {[%emt 0:00:00]} 3. Nc3 {[%emt 0:00:00]} Nc6 {[%emt 0:02:18]} 4. e5 {[%emt 0:00:47]} f6 {[%emt 0:00:36]} 5. Bb5 {[%emt 0:00:00]} Bd7 {[%emt 0:01:36]} 6. Nf3 {[%emt 0:00:06]} a6 {[%emt 0:01:29]} 7. Bxc6 {[%emt 0:00:41]} Bxc6 {[%emt 0:00:30]} 8. Bf4 {[%emt 0:02:37]} Qd7 {[%emt 0:04:35]} 9. h4 {[%emt 0:01:54]} h5 {[%emt 0:05:37]} 10. Qd3 {[%emt 0:02:56]} O-O-O {[%emt 0:02:26]} 11. O-O {[%emt 0:11:19]} Ne7 {[%emt 0:17:08]} 12. b4 {[%emt 0:02:08]} Nf5 {[%emt 0:02:21]} 13. Rfb1 {[%emt 0:01:31]} Bb5 {[%emt 0:11:27]} 14. Nxb5 {[%emt 0:00:07]} Qxb5 {[%emt 0:00:30]} 15. Qxb5 {[%emt 0:00:10]} axb5 {[%emt 0:00:00]} 16. a4 {[%emt 0:00:12]} bxa4 {[%emt 0:14:27]} 17. Rxa4 {[%emt 0:00:12]} Kd7 {[%emt 0:01:06]} 18. b5 {[%emt 0:02:02]} g5 {[%emt 0:05:44]} 19. hxg5 {[%emt 0:03:58]} fxg5 {[%emt 0:00:01]} 20. Bxg5 {[%emt 0:00:28]} Be7 {[%emt 0:00:19]} 21. Bxe7 {[%emt 0:02:37]} Kxe7 {[%emt 0:00:25]} 22. c4 {[%emt 0:00:24]} Ra8 {[%emt 0:12:03]} 23. Rba1 {[%emt 0:00:33]} Rxa4 {[%emt 0:00:05]} 24. Rxa4 {[%emt 0:00:03]} dxc4 {[%emt 0:00:35]} 25. Rxc4 {[%emt 0:00:02]} Kd7 {[%emt 0:00:39]} 26. Ng5 {[%emt 0:00:58]} Rd8 {[%emt 0:06:23]} 27. Ne4 {[%emt 0:04:27]} Kc8 {[%emt 0:01:18]} 28. b6 {[%emt 0:00:14]} Rxd4 {[%emt 0:08:10]} 29. Rxc7+ {[%emt 0:01:33]} Kd8 {[%emt 0:00:31]} 30. Nc5 {[%emt 0:00:22]} 1-0

[Event "SVK Extraliga 2019-20"]
[Site "Slovakia"]
[Date "2019.10.20"]
[Round "2.5"]
[White "Mikrut, Dariusz"]
[Black "Pniaczek, Marek"]
[Result "1/2-1/2"]
[WhiteElo "2384"]
[BlackElo "2118"]
[Annotator "ChessBase"]
[PlyCount "39"]
[EventDate "2019.10.19"]
[EventType "team-tourn"]
[EventCountry "SVK"]
[SourceTitle "playchess.com"]
[Source "ChessBase"]
[SourceQuality "1"]
[WhiteTeam "Prakovce"]
[TimeControl "40/5400+30:1800+30"]

1. d4 {[%emt 0:00:00]} Nf6 {[%emt 0:00:00]} 2. Bg5 {[%emt 0:00:00]} Ne4 {[%emt 0:00:16]} 3. Bf4 {[%emt 0:00:00]} d5 {[%emt 0:00:14]} 4. Nd2 {[%emt 0:01:30]} Bf5 {[%emt 0:02:17]} 5. e3 {[%emt 0:01:00]} Nxd2 {[%emt 0:02:15]} 6. Qxd2 {[%emt 0:00:07]} e6 {[%emt 0:01:20]} 7. Nf3 {[%emt 0:00:07]} Bd6 {[%emt 0:02:11]} 8. Bxd6 {[%emt 0:00:57]} Qxd6 {[%emt 0:00:13]} 9. c4 {[%emt 0:00:06]} c6 {[%emt 0:02:23]} 10. Nh4 {[%emt 0:02:33]} Be4 {[%emt 0:04:31]} 11. f3 {[%emt 0:08:13]} Bg6 {[%emt 0:00:03]} 12. Nxg6 {[%emt 0:00:11]} hxg6 {[%emt 0:00:04]} 13. f4 {[%emt 0:00:10]} Nd7 {[%emt 0:01:19]} 14. c5 {[%emt 0:02:51]} Qc7 {[%emt 0:02:06]} 15. b4 {[%emt 0:00:06]} b6 {[%emt 0:10:06]} 16. Rc1 {[%emt 0:04:51]} O-O {[%emt 0:15:22]} 17. Bd3 {[%emt 0:00:49]} a5 {[%emt 0:01:41]} 18. a3 {[%emt 0:01:07]} axb4 {[%emt 0:00:44]} 19. axb4 {[%emt 0:00:06]} b5 {[%emt 0:01:25]} 20. O-O {[%emt 0:11:11]} 1/2-1/2

[Event "SVK Extraliga 2019-20"]
[Site "Slovakia"]
[Date "2019.10.20"]
[Round "2.5"]
[White "Pcola, Pavol"]
[Black "Vass, Frantisek"]
[Result "1/2-1/2"]
[WhiteElo "2380"]
[BlackElo "2310"]
[Annotator "ChessBase"]
[PlyCount "31"]
[EventDate "2019.10.19"]
[EventType "team-tourn"]
[EventCountry "SVK"]
[SourceTitle "playchess.com"]
[Source "ChessBase"]
[SourceQuality "1"]
[WhiteTeam "Snina"]
[BlackTeam "Podhajska"]
[TimeControl "40/5400+30:1800+30"]

1. c4 {[%emt 0:00:00]} c6 {[%emt 0:00:00]} 2. Nf3 {[%emt 0:00:00]} d5 {[%emt 0:00:00]} 3. g3 {[%emt 0:00:00]} Nf6 {[%emt 0:00:16]} 4. Bg2 {[%emt 0:00:00]} g6 {[%emt 0:00:18]} 5. b3 {[%emt 0:05:24]} Bg7 {[%emt 0:00:13]} 6. Bb2 {[%emt 0:00:06]} O-O {[%emt 0:00:31]} 7. O-O {[%emt 0:00:06]} Nbd7 {[%emt 0:00:34]} 8. cxd5 {[%emt 0:01:06]} cxd5 {[%emt 0:00:20]} 9. d4 {[%emt 0:02:51]} Ne4 {[%emt 0:03:53]} 10. Nc3 {[%emt 0:03:10]} Ndf6 {[%emt 0:01:07]} 11. Rc1 {[%emt 0:00:54]} Bf5 {[%emt 0:01:14]} 12. h3 {[%emt 0:07:29]} Rc8 {[%emt 0:08:23]} 13. g4 {[%emt 0:01:18]} Nxc3 {[%emt 0:00:13]} 14. Rxc3 {[%emt 0:00:29]} Rxc3 {[%emt 0:03:27]} 15. Bxc3 {[%emt 0:00:07]} Be4 {[%emt 0:00:25]} 16. Qd2 {[%emt 0:06:24]} 1/2-1/2

[Event "SVK Extraliga 2019-20"]
[Site "Slovakia"]
[Date "2019.10.20"]
[Round "2.5"]
[White "Frindt, Kornel"]
[Black "Czebe, Attila"]
[Result "0-1"]
[WhiteElo "2196"]
[BlackElo "2358"]
[Annotator "ChessBase"]
[PlyCount "114"]
[EventDate "2019.10.19"]
[EventType "team-tourn"]
[EventCountry "SVK"]
[SourceTitle "playchess.com"]
[Source "ChessBase"]
[SourceQuality "1"]
[BlackTeam "Streda"]
[TimeControl "40/5400+30:1800+30"]

1. d4 {[%emt 0:00:00]} d6 {[%emt 0:00:00]} 2. Nf3 {[%emt 0:01:12]} g6 {[%emt 0:00:00]} 3. c4 {[%emt 0:00:34]} Bg7 {[%emt 0:00:04]} 4. Nc3 {[%emt 0:00:24]} e5 {[%emt 0:01:27]} 5. dxe5 {[%emt 0:08:22]} dxe5 {[%emt 0:00:18]} 6. Qxd8+ {[%emt 0:00:18]} Kxd8 {[%emt 0:00:04]} 7. e4 {[%emt 0:07:33]} f6 {[%emt 0:01:13]} 8. Be3 {[%emt 0:01:22]} Be6 {[%emt 0:00:21]} 9. O-O-O+ {[%emt 0:03:25]} Nd7 {[%emt 0:01:05]} 10. Be2 {[%emt 0:03:39]} Bh6 {[%emt 0:01:11]} 11. Bxh6 {[%emt 0:01:49]} Nxh6 {[%emt 0:00:06]} 12. Ne1 {[%emt 0:04:16]} c6 {[%emt 0:01:31]} 13. b3 {[%emt 0:02:01]} Kc7 {[%emt 0:02:13]} 14. Nd3 {[%emt 0:01:41]} Rhe8 {[%emt 0:06:45]} 15. Rd2 {[%emt 0:02:27]} Rad8 {[%emt 0:00:45]} 16. Rhd1 {[%emt 0:00:37]} Nf8 {[%emt 0:00:44]} 17. Nc5 {[%emt 0:01:09]} Rxd2 {[%emt 0:00:39]} 18. Rxd2 {[%emt 0:00:33]} Bc8 {[%emt 0:00:27]} 19. b4 {[%emt 0:02:20]} Ne6 {[%emt 0:00:10]} 20. Nxe6+ {[%emt 0:01:26]} Bxe6 {[%emt 0:00:03]} 21. c5 {[%emt 0:03:32]} Nf7 {[%emt 0:00:11]} 22. Kb2 {[%emt 0:02:28]} Rb8 {[%emt 0:06:00]} 23. a3 {[%emt 0:01:20]} b6 {[%emt 0:00:23]} 24. Na4 {[%emt 0:03:04]} Ng5 {[%emt 0:00:24]} 25. f3 {[%emt 0:01:23]} Bd7 {[%emt 0:01:28]} 26. cxb6+ {[%emt 0:07:02]} axb6 {[%emt 0:00:06]} 27. Bc4 {[%emt 0:01:05]} Be6 {[%emt 0:05:40]} 28. Be2 {[%emt 0:04:27]} Nf7 {[%emt 0:06:22]} 29. b5 {[%emt 0:05:56]} c5 {[%emt 0:01:01]} 30. Nc3 {[%emt 0:00:41]} Nd6 {[%emt 0:00:46]} 31. Nd5+ {[%emt 0:02:08]} Bxd5 {[%emt 0:00:03]} 32. Rxd5 {[%emt 0:00:36]} Ra8 {[%emt 0:08:24]} 33. Kb3 {[%emt 0:00:48]} Nb7 {[%emt 0:00:06]} 34. a4 {[%emt 0:01:26]} Nd8 {[%emt 0:00:04]} 35. Bd1 {[%emt 0:02:01]} Ne6 {[%emt 0:00:08]} 36. Rd2 {[%emt 0:01:07]} Nd4+ {[%emt 0:00:05]} 37. Kc4 {[%emt 0:01:32]} f5 {[%emt 0:10:20]} 38. Ra2 {[%emt 0:07:06]} Kd6 {[%emt 0:00:13]} 39. Ra1 {[%emt 0:02:35]} Kc7 {[%emt 0:03:28]} 40. Rb1 {[%emt 0:00:40]} Rd8 {[%emt 0:04:12]} 41. Kc3 {[%emt 0:32:55]} fxe4 {[%emt 0:31:38]} 42. fxe4 {[%emt 0:00:40]} Rf8 {[%emt 0:00:03]} 43. Rb2 {[%emt 0:07:43]} Rf1 {[%emt 0:00:42]} 44. Rd2 {[%emt 0:01:01]} Re1 {[%emt 0:00:45]} 45. Kd3 {[%emt 0:01:47]} Kd6 {[%emt 0:02:30]} 46. h4 {[%emt 0:00:00]} h6 {[%emt 0:00:00]} 47. h5 {[%emt 0:00:00]} gxh5 {[%emt 0:00:00]} 48. Bxh5 {[%emt 0:00:00]} Ra1 {[%emt 0:00:00]} 49. Bd1 {[%emt 0:00:00]} Rc1 {[%emt 0:00:00]} 50. Bg4 {[%emt 0:00:00]} c4+ {[%emt 0:00:00]} 51. Ke3 {[%emt 0:00:00]} Kc5 {[%emt 0:00:00]} 52. Ra2 {[%emt 0:01:00]} c3 {[%emt 0:00:00]} 53. a5 c2 54. Kd2 {[%emt 0:03:39]} Rg1 {[%emt 0:00:00]} 55. Rxc2+ {[%emt 0:01:51]} Nxc2 {[%emt 0:00:00]} 56. a6 {[%emt 0:00:35]} Rxg2+ {[%emt 0:00:00]} 57. Be2 {[%emt 0:00:20]} Nd4 {[%emt 0:00:00]} 0-1

[Event "SVK Extraliga 2019-20"]
[Site "Slovakia"]
[Date "2019.10.20"]
[Round "2.5"]
[White "Hros, Roman"]
[Black "Druska, Juraj"]
[Result "0-1"]
[WhiteElo "2196"]
[BlackElo "2472"]
[Annotator "ChessBase"]
[PlyCount "64"]
[EventDate "2019.10.19"]
[EventType "team-tourn"]
[EventCountry "SVK"]
[SourceTitle "playchess.com"]
[Source "ChessBase"]
[SourceQuality "1"]
[WhiteTeam "Liptovska"]
[BlackTeam "Prakovce"]
[TimeControl "40/5400+30:1800+30"]

1. e4 {[%emt 0:00:00]} c5 {[%emt 0:00:49]} 2. Be2 {[%emt 0:01:00]} Nc6 {[%emt 0:09:47]} 3. f4 {[%emt 0:02:46]} g6 {[%emt 0:01:48]} 4. Nf3 {[%emt 0:00:40]} Bg7 {[%emt 0:00:07]} 5. O-O {[%emt 0:06:15]} e6 {[%emt 0:03:13]} 6. c3 {[%emt 0:03:12]} Nge7 {[%emt 0:03:45]} 7. d3 {[%emt 0:01:07]} O-O {[%emt 0:28:36]} 8. Qe1 {[%emt 0:09:36]} b5 {[%emt 0:00:42]} 9. Be3 {[%emt 0:30:21]} d6 {[%emt 0:00:27]} 10. Qh4 {[%emt 0:05:58]} f5 {[%emt 0:00:24]} 11. Nbd2 {[%emt 0:00:22]} b4 {[%emt 0:06:38]} 12. Rac1 {[%emt 0:08:38]} bxc3 {[%emt 0:14:51]} 13. bxc3 {[%emt 0:00:01]} Rb8 {[%emt 0:00:09]} 14. Rc2 {[%emt 0:03:52]} Qd7 {[%emt 0:04:43]} 15. g4 {[%emt 0:03:28]} Ba6 {[%emt 0:01:16]} 16. Re1 {[%emt 0:03:46]} e5 {[%emt 0:05:58]} 17. fxe5 {[%emt 0:03:35]} Nxe5 {[%emt 0:05:20]} 18. Nxe5 {[%emt 0:00:54]} Bxe5 {[%emt 0:00:59]} 19. Nf3 {[%emt 0:05:28]} Bg7 {[%emt 0:02:13]} 20. gxf5 {[%emt 0:06:43]} gxf5 {[%emt 0:00:11]} 21. d4 {[%emt 0:00:37]} Bxe2 {[%emt 0:03:41]} 22. Rcxe2 {[%emt 0:00:13]} cxd4 {[%emt 0:00:32]} 23. Bxd4 {[%emt 0:00:54]} Ng6 {[%emt 0:00:46]} 24. Qg5 {[%emt 0:00:56]} fxe4 {[%emt 0:01:44]} 25. Qd5+ {[%emt 0:01:17]} Kh8 {[%emt 0:02:37]} 26. Ng5 {[%emt 0:00:44]} Nf4 {[%emt 0:00:15]} 27. Qxe4 {[%emt 0:00:15]} Qg4+ {[%emt 0:01:20]} 28. Kh1 {[%emt 0:00:39]} Qxg5 {[%emt 0:00:01]} 29. Rg1 {[%emt 0:00:08]} Qxg1+ {[%emt 0:00:32]} 30. Kxg1 {[%emt 0:00:32]} Nxe2+ {[%emt 0:00:11]} 31. Qxe2 {[%emt 0:00:19]} Bxd4+ {[%emt 0:00:13]} 32. cxd4 {[%emt 0:00:05]} Rg8+ {[%emt 0:00:11]} 0-1